000 00518nam a2200169Ia 4500
999 _c27658
_d27658
003 OSt
005 20201202155837.0
008 190216s9999||||xx |||||||||||||| ||und||
040 _coclc
082 _a894.8123
_bTHI/N
100 _aThiruvazhiode, Unnikrishnan
_96835
245 0 _aNeelamalakalile Suvarna Jnorikal /
_cUnnikrishnan Thiruvazhiode
260 _bDc Books,
_c1996.
_aKottayam:
300 _a134p
650 _aMalayalam Novel
942 _cBK
_2ddc
_h894.8123
_iTHI/N
_k894.8123
_mTHI/N